00560nam a2200193 a 4500001001300000003000900013005001700022008004100039020002300080082001600103100001700119245004300136260007200179300001000251500003500261505002700296650002600323700001700349nice12345678IN_TiNIC20260116014911.0050101s2010 dhaa grp 000 0 eng  a9788185102597c15000a294.38bSHA aShantideva,  aGuide to Thebodhisattava`s Way of Life aDharamsala, Newdelhi bLibrary of Tibetan Works and Archives c2010 a184p  aincludes index and biblioraphy2 aGlossary, Bibliography aBuddhism-Sacred Books1 aShantideva,